Was darf ein Computer?
Gespeichert in:
| Hauptverfasser: | , |
|---|---|
| Format: | Buch |
| Sprache: | Deutsch |
| Veröffentlicht: |
Berlin :
Siemens,
1981
|
| Tags: |
Keine Tags, Fügen Sie das erste Tag hinzu!
|
MARC
| LEADER | 00000nam a22000003a 4500 | ||
|---|---|---|---|
| 001 | stu87218 | ||
| 005 | 20150617225629.6 | ||
| 008 | 040527s1981------------------------ger-d | ||
| 040 | |a STU |b slo | ||
| 041 | 0 | |a ger | |
| 100 | 1 | |a Hahne, Bernd |4 aut | |
| 245 | 1 | |a Was darf ein Computer? | |
| 260 | |a Berlin : |b Siemens, |c 1981 | ||
| 700 | 1 | |a Kassel, Hans |4 aut | |
| 996 | |c I*6PE2745 |l I |s A |a 24 |w stu87218_0001 | ||